00810nam a22002417a 4500001000700000003000900007005001700016007000700033008003500040020001600075040002200091082003200113100003600145245012800181260003300309300003900342500002100381650002400402650004500426650003400471650003100505700003200536000544DO-SdBNP20240424125635.0000544161011b1997 sp a b ||| 00| 0 spa d a8480551283  aBPMSUbspacBPMSU 4aR577.5bC965a 1997 2221 aCuello i Subirana, Josepd1948-10aAtlas mundial del medio ambiente : bpreservación de la naturaleza /ctextos, Josep Cuello i Subirana, José Tola Alonso aMadrid : bCultural, c1997. a112 p. : bil., mapas ; c35 cm.  aIncluye índice 4aEcología vAtlas  4aProtección del medio ambiente vAtlas  4aParques nacionales y reservas 4aEcología humana vAtlas 1 aTola, José Alonso,d1947-